| 000 -LEADER |
| fixed length control field |
00667nam a2200193Ia 4500 |
| 001 - CONTROL NUMBER |
| control field |
5340 |
| 003 - CONTROL NUMBER IDENTIFIER |
| control field |
GE_BSU |
| 008 - FIXED-LENGTH DATA ELEMENTS--GENERAL INFORMATION |
| fixed length control field |
181216s||||||||xx |||||||||||||| ||und|| |
| 040 ## - CATALOGING SOURCE |
| Transcribing agency |
GE_BSU |
| 080 ## - UNIVERSAL DECIMAL CLASSIFICATION NUMBER |
| Universal Decimal Classification number |
517.983 |
| 100 ## - MAIN ENTRY--PERSONAL NAME |
| Personal name |
Азизов Т.Я;Иохвидов И.С; |
| 245 ## - TITLE STATEMENT |
| Title |
Основы теории линейных операторов в пространствах с индефинитной метрикой. |
| 245 ## - TITLE STATEMENT |
| Statement of responsibility, etc. |
Ред.В.В. Донченько |
| 260 ## - PUBLICATION, DISTRIBUTION, ETC. |
| Name of publisher, distributor, etc. |
Наука |
| 260 ## - PUBLICATION, DISTRIBUTION, ETC. |
| Date of publication, distribution, etc. |
1986 |
| 300 ## - PHYSICAL DESCRIPTION |
| Extent |
352стр.20см. |
| 653 ## - INDEX TERM--UNCONTROLLED |
| Uncontrolled term |
Основы теории линейных операторов в пространствах |
| 942 ## - ADDED ENTRY ELEMENTS (KOHA) |
| Koha item type |
წიგნი |